000 00695nam a2200205 4500
999 _c2930
_d2930
001 2930
003 BD-JhCC
005 20171108165747.0
008 171108b2008 bg ||||| |||| 00| 0 ben d
035 _a(BD-JhCC)
040 _aBD-JhCC
_dBD-JhCC
041 _aben
082 _a940.19
_bKAF 2008
100 _aকাফকা, ফ্রানৎস
245 _aদি ক্যাসল /
_cফ্রানৎস কাফকা; জুলফিকার নিউটন (অনুবাদ)
260 _aঢাকা:
_bরোদেলা প্রকাশনী ;
_c২০০৮
300 _a২৮৭ পৃ.;
_c২২ সেমি
650 _aCivilization, Medieval
942 _2ddc
_cBK